Normal view
MARC view
- Al-Hujwírí, Data Gunj Bukhsh Ali Bin Usman ́
Entry Personal Name
001 - CONTROL NUMBER
- control field: 109464
003 - CONTROL NUMBER IDENTIFIER
- control field: NUST
005 - DATE AND TIME OF LATEST TRANSACTION
- control field: 20230222121153.0
008 - FIXED-LENGTH DATA ELEMENTS
- fixed length control field: 230222|| aca||aabn | a|a d
040 ## - CATALOGING SOURCE
- Original cataloging agency: NUST
- Transcribing agency: NUST
100 ## - HEADING--PERSONAL NAME
- Personal name: Al-Hujwírí, Data Gunj Bukhsh Ali Bin Usman ́
670 ## - SOURCE DATA FOUND
- Source citation: Work cat.: (NUST)188200: Al-Hujwírí, Data Gunj Bukhsh Ali Bin Usman ́, Kashf al-Maḥjúb /, 2000
